[Event "IV Zagreb Open 2019"]
[Site "Zagreb"]
[Date "2019.12.08"]
[Round "2.6"]
[White "Strikovic, Aleksa"]
[Black "Blagojevic, Marijan"]
[Result "1-0"]
[WhiteElo "2468"]
[BlackElo "2180"]
[Annotator "TA"]
[PlyCount "75"]
[EventDate "2019.12.07"]
[EventType "swiss"]
[EventCountry "CRO"]
[SourceTitle "playchess.com"]
[Source "ChessBase"]
[SourceQuality "1"]

{[%evp 15,75,82,79,47,83,36,59,60,53,50,68,66,81,69,70,65,76,56,63,70,77,59,91,98,89,88,141,134,141,137,126,89,83,75,75,75,108,113,119,109,156,149,235,197,230,230,258,249,326,335,305,282,469,459,514,331,293,301,489,483,458,449]} 1. c4 Nf6 2. Nc3 g6 3. e4 d6 4. d4 Bg7 5. f3 O-O 6. Bg5 Nbd7 7. Qd2 e5 8. d5 a5 9. Nge2 {E81: King's Indian: Sämisch: 6th move deviations (including 6 Be3 c6)} (9. Nh3 Nc5 10. Nf2 Qe8 11. g4 Nfd7 12. h4 f5 13. gxf5 gxf5 14. h5 f4 15. Nb5 Na6 16. Bh3 b6 {1-0 (32) Moiseenko,V (2294)-Chumachenko,A (2067) Tula 2018}) 9... Nc5 10. Ng3 Re8 $146 ({Predecessor:} 10... Bd7 11. Bh6 Ne8 12. Be2 f5 13. exf5 gxf5 14. O-O-O f4 15. Bxg7 Nxg7 16. Nge4 Nxe4 17. Nxe4 {1-0 (42) Floc'h,S (1930)-Jolly,J (1950) France 2001}) 11. Be2 {White is slightly better.} Qe7 12. O-O Qf8 13. Nb5 Re7 14. b3 h6 15. Be3 Ne8 16. Rab1 b6 17. Bd1 Bd7 18. Nc3 Kh7 19. a3 {[%cal Ba2a3,Ba3b4][%mdl 32]} h5 20. b4 axb4 ({Black should play} 20... Nb7) 21. axb4 $16 Nb7 22. Bc2 Nf6 23. Ra1 Ree8 24. Ba4 Bxa4 25. Nxa4 h4 26. Ne2 Nh5 27. Nac3 Qe7 28. Nb5 f6 (28... Rf8 $16 29. Ra2 Rxa2 30. Qxa2 Qd7) 29. Ra2 Qd7 30. Rfa1 Rxa2 31. Rxa2 Re7 32. Ra7 Qc8 33. h3 Bf8 $2 {[#]} (33... Rd7 34. Qc2 Nd8) 34. Qa2 $18 Nd8 35. Qa6 Qxa6 36. Rxa6 Ng7 $2 (36... Bh6) 37. Ra8 Rd7 38. Ra7 {Accuracy: White = 52%, Black = 43%.} 1-0

[Event "IV Zagreb Open 2019"]
[Site "Zagreb"]
[Date "2019.12.08"]
[Round "2.7"]
[White "Starcevic, Ante Leon"]
[Black "Kovacevic, Blazimir"]
[Result "0-1"]
[WhiteElo "2183"]
[BlackElo "2453"]
[Annotator "TA"]
[PlyCount "92"]
[EventDate "2019.12.07"]
[EventType "swiss"]
[EventCountry "CRO"]
[SourceTitle "playchess.com"]
[Source "ChessBase"]
[SourceQuality "1"]

{[%evp 11,92,-34,-25,-49,-52,-77,-52,-45,-49,-48,-43,-129,-146,-137,-140,-174,-104,-110,-75,-110,-79,-76,-79,-77,-58,-58,-60,-63,-65,-58,-60,-61,-64,-62,-33,-33,-35,-36,-37,-192,-90,-102,-105,-98,-106,-256,-253,-309,-304,-304,-305,-273,-284,-316,-304,-290,-221,-212,-198,-336,-335,-286,-320,-298,-246,-246,-246,-243,-230,-234,-234,-246,-246,-246,-246,-236,-218,-428,-425,-1208,-887,-2194,-1905]} 1. d4 f5 2. e4 fxe4 3. Nc3 Nf6 4. Bg5 Nc6 {[%cal Bb8c6,Bc6e5,Be5g4][%mdl 32]} 5. Bxf6 exf6 6. d5 Ne5 7. Nxe4 {A83: Dutch Defence: Staunton Gambit with 3 Nc3 Nf6 4 Bg5} f5 8. Ng3 (8. Nd2 Bc5 9. Nb3 Bb6 10. Nf3 O-O 11. Nxe5 Re8 12. Be2 Rxe5 13. O-O d6 14. Nd2 Qf6 {0-1 (26) Domingos,C (2280)-Rodriguez Vila,A (2536) Istanbul 2012}) 8... Qe7 {[%cal Re5f3] [#]} 9. Qe2 {Black is slightly better.} g6 10. O-O-O Ng4 {And now ...Qxe2 would win.} 11. Re1 $146 {[#]} (11. Qf3 $15) ({Predecessor:} 11. Nh3 d6 12. Qb5+ Bd7 13. Qxb7 Bh6+ 14. Kb1 O-O 15. Qxc7 Rab8 16. Bd3 Rfc8 17. Qa5 Bg7 18. b3 Qf6 19. Kc1 Qb2+ {0-1 (19) Schoengart,R (2100)-Gottuk,S (2270) Hamburg 2005}) 11... Qxe2 $1 $17 12. Rxe2+ Kf7 13. Nf3 Bh6+ (13... Bd6 $19 14. Kb1 b6) 14. Kb1 d6 15. h4 Bf4 16. Ng5+ Kf6 17. Nh3 Bxg3 18. fxg3 Bd7 19. Re1 Rae8 {[%cal Re8e1]} 20. Be2 $1 Ne3 21. Bf3 Re5 22. Nf4 Rhe8 23. Nd3 R5e7 24. b3 Ng4 25. Bxg4 $2 ({White should play} 25. Rxe7 $15 Rxe7 26. Kc1) 25... fxg4 (25... Rxe1+ $19 {has better winning chances.} 26. Rxe1 Rxe1+ 27. Nxe1 fxg4) 26. Rhf1+ Bf5 27. Rxe7 Rxe7 {[%mdl 4096] Endgame KRB-KRN} 28. Kc1 (28. Rf2 $17) 28... Re2 $19 29. Rf2 Rxf2 30. Nxf2 {KB-KN} b5 {[%cal Bb7b5,Bb5b4][%mdl 32]} 31. Nd1 Ke5 32. Ne3 Kd4 33. Kd2 b4 34. h5 Be4 35. hxg6 (35. h6 {is the only way for White.}) 35... hxg6 36. Nxg4 Bxd5 ({Don't do} 36... Bxg2 37. Nf2 $17) 37. Nf6 Bf7 ({Not} 37... Bxg2 38. Ne8 $17) 38. g4 c5 39. g5 Be6 40. Ne8 Ke5 41. c4 Bd7 42. Nf6 Bc6 43. g3 a5 {[%cal Ba7a5,Ba5a4,Ba4a3][%mdl 32]} 44. Ke3 $2 (44. Ng8 {might work better.}) 44... a4 {Black is clearly winning.} 45. g4 (45. Ng4+ $142 Ke6 46. Kd2) 45... a3 46. Kd3 Kf4 {Accuracy: White = 36%, Black = 75%.} 0-1

[Event "IV Zagreb Open 2019"]
[Site "Zagreb"]
[Date "2019.12.08"]
[Round "2.8"]
[White "Plenca, Jadranko"]
[Black "Abramovic, Darko"]
[Result "1-0"]
[WhiteElo "2453"]
[BlackElo "2180"]
[Annotator "TA"]
[PlyCount "57"]
[EventDate "2019.12.07"]
[EventType "swiss"]
[EventCountry "CRO"]
[SourceTitle "playchess.com"]
[Source "ChessBase"]
[SourceQuality "1"]

{[%evp 11,57,47,52,50,56,40,37,40,43,32,38,35,42,50,50,50,70,68,100,94,77,66,168,169,183,188,174,177,184,180,169,178,459,441,375,251,241,224,918,623,625,609,716,684,684,679,1273,1241]} 1. e4 e6 2. d4 d5 3. Nc3 dxe4 4. Nxe4 Bd7 5. Nf3 Bc6 6. Bd3 Be7 7. O-O {C10: French with 3 Nc3: Unusual Black 3rd moves and 3...dxe4} (7. Neg5 Nd7 8. Qe2 Bxf3 9. Nxf3 Ngf6 10. O-O O-O 11. c4 Re8 12. b3 c5 13. Bb2 Qb6 14. Bc2 Rad8 15. a3 a5 16. Rfb1 Ra8 17. Bc3 Bf8 18. dxc5 Qxc5 {1-0 (65) Leko,P (2678)-Vaganian,R (2562) Biel 2017}) 7... Nf6 8. Ng3 O-O 9. Ne5 {White is slightly better.} Qd5 {[%csl Gc6][%cal Rd5g2]} 10. Nxc6 Nxc6 11. Be3 Rad8 $146 ({Predecessor:} 11... Qd8 12. c4 Nb8 13. Qc2 c6 14. Rad1 Nbd7 {½-½ (44) Aguilar,A (2192)-Ortiz,J (1920) Mar del Plata 2009}) 12. c3 Nb8 13. Qe2 c5 {[%cal Rc5d4]} 14. Rfd1 Qc6 15. dxc5 Bxc5 16. Bg5 {Hoping for Bxf6.} Nbd7 ({Better is} 16... Be7 $1 $14) 17. Bb5 $18 Qc7 {[#]} 18. Bxd7 $1 Rxd7 19. Bxf6 $1 Rxd1+ 20. Rxd1 gxf6 21. Nh5 {White threatens Qg4+ and mate.} f5 $2 {[#]} (21... Kh8 22. Nxf6 Rd8) 22. Rd7 $1 {[%mdl 512]} Qb8 (22... Qxd7 23. Nf6+) 23. Nf6+ $40 {[%mdl 128] White goes for the king.} Kg7 24. Qxe6 $1 Bxf2+ $2 (24... Kg6 25. Rxf7 (25. Qc4 Qe5 $11) 25... Qd6 26. Qxd6 Bxd6 27. Rxf8 (27. Rxb7 Kxf6 28. Rxh7 Rb8 $14) (27. Rxh7 b6 $14) 27... Bxf8) 25. Kxf2 {White is clearly winning.} Qf4+ 26. Ke2 Qg5 27. Nd5 {And now Qe5+ would win.} Qxg2+ 28. Kd3 {White wants to mate with Qf6+.} Qf1+ 29. Kc2 {Accuracy: White = 88%, Black = 29%.} 1-0

[Event "IV Zagreb Open 2019"]
[Site "Zagreb"]
[Date "2019.12.08"]
[Round "2.9"]
[White "Ljubic, Juro"]
[Black "Janzelj, Tim"]
[Result "1/2-1/2"]
[WhiteElo "2180"]
[BlackElo "2446"]
[Annotator "TA"]
[PlyCount "55"]
[EventDate "2019.12.07"]
[EventType "swiss"]
[EventCountry "CRO"]
[SourceTitle "playchess.com"]
[Source "ChessBase"]
[SourceQuality "1"]

{[%evp 9,55,10,10,6,6,12,7,0,4,10,11,12,9,9,6,-14,26,16,13,11,0,-13,20,17,15,18,23,20,10,13,27,0,0,0,17,0,1,0,68,63,51,53,107,94,94,86,92,84]} 1. b3 e5 2. Bb2 Nc6 3. c4 f5 4. e3 Nf6 5. Nf3 e4 6. Nd4 {A01: Nimzowitsch-Larsen Opening} Nxd4 7. Bxd4 b6 8. Nc3 $146 {The position is equal.} ({Predecessor:} 8. Be2 Bb7 9. O-O Bd6 10. Nc3 c5 11. Nb5 Bb8 {1-0 (77) Pihlajasalo,A (2423)-Keskinen,S (2292) Finland 2001}) 8... Bb7 9. Be2 Bd6 10. Qc2 c5 11. Nb5 Bb8 12. Bb2 a6 13. Nc3 Qe7 14. d3 O-O 15. O-O-O b5 16. dxe4 fxe4 17. cxb5 axb5 18. Bxb5 d5 19. Kb1 Be5 20. Ne2 Bxb2 21. Qxb2 Kh8 22. Nf4 Ra5 23. a4 Qd6 ({Black should play} 23... Rb8 $11) 24. b4 cxb4 {Hoping for ...Ba6.} 25. Rd4 $1 Rb8 {[#]} (25... Ba6 $14 26. Qxb4 (26. Rxb4 Bxb5 27. Rxb5 Rxa4 $15) 26... Qxb4+ 27. Rxb4 Rb8) 26. Rc1 $1 $16 {White is better.} (26. Rxb4 $6 Ba6 $11) 26... b3 27. Rc3 ({But not} 27. Qxb3 $6 Ba6 $14) 27... h6 28. h4 {Accuracy: White = 76%, Black = 66%.} ({Much weaker is} 28. Qxb3 $6 Ba6 $11) 1/2-1/2

[Event "IV Zagreb Open 2019"]
[Site "Zagreb"]
[Date "2019.12.08"]
[Round "2.10"]
[White "Smith, Bryan"]
[Black "Cebalo, Miso"]
[Result "1-0"]
[WhiteElo "2428"]
[BlackElo "2171"]
[Annotator "RC"]
[PlyCount "85"]
[EventDate "2019.12.07"]
[EventType "swiss"]
[EventCountry "CRO"]
[SourceTitle "playchess.com"]
[Source "ChessBase"]
[SourceQuality "1"]
[TimeControl "40/5400+30:1800+30"]

1. e4 {[%emt 0:06:06]} c5 {[%emt 0:00:00]} 2. Nf3 {[%emt 0:00:45]} d6 {[%emt 0:00:19]} 3. d4 {[%emt 0:00:25]} cxd4 {[%emt 0:00:17]} 4. Nxd4 {[%emt 0:00:13]} Nf6 {[%emt 0:00:16]} 5. Nc3 {[%emt 0:00:16]} g6 {[%emt 0:02:23]} 6. Be3 {[%emt 0:00:38]} Bg7 {[%emt 0:00:40]} 7. f3 {[%emt 0:00:35]} a6 {[%emt 0:00:38]} 8. Qd2 {[%emt 0:02:13]} h5 {[%emt 0:01:49]} 9. Bc4 {[%emt 0:04:00]} b5 {[%emt 0:04:33]} 10. Bb3 {[%emt 0:00:17]} Bb7 {[%emt 0:00:25]} 11. O-O-O {[%emt 0:01:07]} Nbd7 {[%emt 0:00:12]} 12. Kb1 {[%emt 0:04:00]} Rc8 {[%emt 0:01:08]} 13. Bg5 {[%emt 0:07:02]} Qb6 {[%emt 0:03:56]} 14. Rhe1 {[%emt 0:03:35]} O-O {[%emt 0:03:54]} 15. Bh6 {[%emt 0:08:28]} Rfe8 {[%emt 0:19:35]} 16. Nf5 {[%emt 0:05:19]} Bh8 {[%emt 0:06:07]} 17. Be3 {[%emt 0:00:58]} Nc5 {[%emt 0:04:17]} 18. Nh6+ {[%emt 0:00:50]} Kh7 {[%emt 0:04:51]} 19. Bxf7 {[%emt 0:08:12]} Rf8 {[%emt 0:04:12]} 20. Bd4 {[%emt 0:01:55]} Bg7 {[%emt 0:10:24]} 21. Qg5 {[%emt 0:02:31]} Rxf7 {[%emt 0:00:14]} 22. Nxf7 {[%emt 0:00:24]} Rf8 {[%emt 0:01:57]} 23. e5 {[%emt 0:04:48]} Rxf7 {[%emt 0:05:25]} 24. exf6 {[%emt 0:00:20]} exf6 {[%emt 0:01:07]} 25. Qh4 {[%emt 0:03:40]} Qc6 {[%emt 0:03:29]} 26. Qg3 {[%emt 0:04:24]} b4 {[%emt 0:04:01]} 27. Ne4 {[%emt 0:05:40]} Nxe4 {[%emt 0:00:58]} 28. fxe4 {[%emt 0:01:07]} Bc8 {[%emt 0:05:18]} 29. b3 {[%emt 0:12:39]} Re7 {[%emt 0:02:23]} 30. Qf4 {[%emt 0:02:32]} Re6 {[%emt 0:00:28]} 31. g4 {[%emt 0:01:25]} Qb5 {[%emt 0:00:48]} 32. Bb2 {[%emt 0:01:25]} Bh6 {[%emt 0:01:41]} 33. Qf3 {[%emt 0:01:55]} hxg4 {[%emt 0:00:45]} 34. Qxg4 {[%emt 0:00:10]} Qc6 {[%emt 0:01:15]} 35. Qh4 {[%emt 0:01:41]} Kg7 {[%emt 0:01:55]} 36. Rd3 {[%emt 0:02:20]} g5 {[%emt 0:02:35]} 37. Qf2 {[%emt 0:00:12]} Kf7 {[%emt 0:01:00]} 38. Rf3 {[%emt 0:01:28]} Bg7 {[%emt 0:00:35]} 39. Rf1 {[%emt 0:02:01]} Qxe4 {[%emt 0:01:05]} 40. Bxf6 {[%emt 0:00:00]} g4 {[%emt 0:00:00]} 41. Rf4 {[%emt 0:01:38]} Qg6 {[%emt 0:03:35]} 42. Bxg7+ {[%emt 0:00:47]} Kxg7 {[%emt 0:00:24]} 43. Rf7+ {[%emt 0:00:23]} 1-0

[Event "IV Zagreb Open 2019"]
[Site "Zagreb"]
[Date "2019.12.08"]
[Round "2.11"]
[White "Kristovic, Marijan"]
[Black "Lalic, Bogdan"]
[Result "1/2-1/2"]
[WhiteElo "2179"]
[BlackElo "2414"]
[Annotator "RC"]
[PlyCount "28"]
[EventDate "2019.12.07"]
[EventType "swiss"]
[EventCountry "CRO"]
[SourceTitle "playchess.com"]
[Source "ChessBase"]
[SourceQuality "1"]
[TimeControl "40/5400+30:1800+30"]

1. e4 {[%emt 0:00:00]} c6 {[%emt 0:00:00]} 2. c4 {[%emt 0:00:00]} d5 {[%emt 0:00:00]} 3. exd5 {[%emt 0:00:00]} cxd5 {[%emt 0:00:00]} 4. cxd5 {[%emt 0:00:00]} Nf6 {[%emt 0:00:00]} 5. Nc3 {[%emt 0:00:00]} Nxd5 {[%emt 0:00:00]} 6. Bc4 {[%emt 0:00:04]} Nb6 {[%emt 0:00:10]} 7. Bb3 {[%emt 0:00:40]} Bf5 {[%emt 0:00:35]} 8. d4 {[%emt 0:00:16]} e6 {[%emt 0:00:08]} 9. Nge2 {[%emt 0:00:05]} Nc6 {[%emt 0:00:16]} 10. O-O {[%emt 0:00:19]} Be7 {[%emt 0:00:32]} 11. Be3 {[%emt 0:17:26]} O-O {[%emt 0:00:52]} 12. Ng3 {[%emt 0:22:53]} Bg6 {[%emt 0:01:03]} 13. d5 {[%emt 0:00:43]} Nxd5 {[%emt 0:00:15]} 14. Nxd5 {[%emt 0:00:10]} exd5 {[%emt 0:00:05]} 1/2-1/2

[Event "IV Zagreb Open 2019"]
[Site "Zagreb"]
[Date "2019.12.08"]
[Round "3.1"]
[White "Kozul, Zdenko"]
[Black "Bukal, Vladimir Jr."]
[Result "1-0"]
[WhiteElo "2590"]
[BlackElo "2393"]
[Annotator "TA"]
[PlyCount "59"]
[EventDate "2019.12.07"]
[EventType "swiss"]
[EventCountry "CRO"]
[SourceTitle "playchess.com"]
[Source "ChessBase"]
[SourceQuality "1"]

{[%evp 9,59,27,39,26,56,46,42,35,65,-11,-11,-23,-21,-8,-9,-17,-17,0,18,-49,141,126,170,157,157,153,169,166,162,152,166,160,157,155,167,157,205,188,192,118,145,132,144,144,145,145,144,142,191,191,259,155]} 1. d4 e6 2. c4 b6 3. e4 Bb7 4. Bd3 Bb4+ 5. Bd2 Bxd2+ 6. Nxd2 {A40: Unusual replies to 1 d4} Nc6 7. Ne2 Qf6 8. Nf3 {White is slightly better.} g5 9. e5 (9. d5 $14 Ne5 10. Nxe5 Qxe5 11. h4) 9... Qg7 $11 10. O-O g4 11. Nd2 {[%cal Bf3d2,Bd2e4,Be4f6][%mdl 32]} f6 12. Qa4 $146 ({Predecessor:} 12. exf6 Nxf6 13. Ne4 {0-1 (30) Colovic,A (2516)-Edouard,R (2653) England 2014}) 12... fxe5 13. d5 Nd8 14. Ng3 (14. f4 $11) 14... Nh6 $2 (14... h5 $1 $15 {stays ahead.}) 15. Nde4 $36 {[%mdl 2048] Black must now prevent Nh5. White is in control.} O-O 16. Nh5 Qe7 {[#]} 17. Qxd7 $1 {[%mdl 576] Deflection, Decoy} Qxd7 18. Nef6+ {[%mdl 64] Double Attack, Discovered Attack} Kh8 19. Nxd7 Re8 20. Rfe1 exd5 21. cxd5 ({Much less strong is} 21. Rxe5 $6 Rxe5 22. Nxe5 Nc6 $14) 21... Ndf7 22. Ndf6 Red8 23. Rac1 ({Don't do} 23. Bxh7 $6 Bxd5 24. Rac1 c5 $16) 23... Rac8 24. Bc4 ({Don't play} 24. Bxh7 $6 Bxd5 25. Bd3 c5 $16) (24. Bb5 $18) 24... c6 25. dxc6 Rxc6 {Strongly threatening ...Rdc8.} 26. Bxf7 Nxf7 27. Rxc6 Bxc6 28. Nxg4 Rd2 29. h3 Rc2 (29... e4 $142 30. Rc1 Nd8) 30. a3 {Accuracy: White = 70%, Black = 50%.} ({Better is} 30. Nxe5 $18 Nxe5 31. Rxe5) 1-0

[Event "IV Zagreb Open 2019"]
[Site "Zagreb"]
[Date "2019.12.08"]
[Round "3.2"]
[White "Loncar, Robert"]
[Black "Nikolov, Momchil"]
[Result "0-1"]
[WhiteElo "2389"]
[BlackElo "2533"]
[Annotator "TA"]
[PlyCount "70"]
[EventDate "2019.12.07"]
[EventType "swiss"]
[EventCountry "CRO"]
[SourceTitle "playchess.com"]
[Source "ChessBase"]
[SourceQuality "1"]

{[%evp 10,108,7,0,0,0,0,0,23,0,6,-12,-4,-20,-5,-16,-9,-9,-8,-35,-4,-29,-23,-18,0,-11,0,-18,-6,-11,0,-2,0,0,0,22,68,77,112,110,94,-202,-197,-200,-189,-202,-181,-139,-123,-277,-275,-342,-316,-316,-316,-316,-316,-414,-414,-414,-414,-407,-406,-407,-378,-460,-460,-460,-454,-452,-452,-445,-438,-451,-445,-530,-535,-530,-525,-735,-687,-1277,-1207,-3600,-3525,-2851,-2495,-29981,-29965,-29957,-29953,-29991,-29990,-29990,-29991,-29991,-29992,-29992,-29973,-29993,-29991]} 1. Nf3 c5 2. c4 Nf6 3. e3 d5 4. cxd5 Nxd5 5. Nc3 e6 6. d4 cxd4 {D41: Queen's Gambit Declined: Semi-Tarrasch with 5 cxd5} (6... Be7 7. Bd3 O-O 8. O-O Nc6 9. a3 b6 10. Qc2 Nxc3 11. bxc3 g6 12. Bb2 Bb7 13. Qe2 Qc7 14. Rad1 Rfd8 15. h4 Rac8 16. h5 Rd5 17. hxg6 hxg6 18. e4 Rh5 19. g3 Na5 20. Kg2 cxd4 21. cxd4 {1-0 (38) Jakovenko,D (2735)-Salem,A (2660) St Petersburg 2018}) 7. exd4 Nxc3 8. bxc3 Qc7 {The position is equal.} 9. Bd2 Nd7 10. Bd3 Bd6 11. O-O b6 12. c4 O-O 13. Re1 Bb7 14. h3 Bf4 15. Be3 (15. Bc3 {is interesting.} Rad8 16. Qe2 Rfe8 17. Rad1 g6 18. h4) 15... Rfd8 $146 ({Predecessor:} 15... Nf6 16. Qe2 Rfd8 17. Rac1 Rac8 18. Red1 Bxe3 19. fxe3 Bxf3 20. Qxf3 e5 21. Bf5 Rb8 22. Bc2 {½-½ (22) Rolvag,M (2182)-Pankaj,S (1837) Helsingor 2017}) 16. Qd2 Bxe3 17. Qxe3 Rac8 18. Bf1 Qd6 19. Red1 Qb4 20. Rac1 Rc7 21. a3 Qa4 22. d5 exd5 23. Qe7 $1 {[%cal Re7d8]} Rdc8 {Threatens to win with ...Nf8.} 24. cxd5 {Rxc7 is the strong threat.} Nc5 25. Qe5 $2 {[%mdl 8192] [#]} (25. Qe3 $16 {keeps the pressure on.}) 25... Nd3 $1 $19 {[%cal Rd3e5][%mdl 576] Double Attack, Discovered Attack} 26. Qxc7 (26. Rxd3 Rxc1) 26... Rxc7 27. Rxc7 Qxd1 28. Rxb7 {[%cal Rb7b8]} h6 29. Rxa7 $2 (29. d6 $17 Nc5 30. Rxa7) 29... Nf4 30. Ra8+ Kh7 31. Re8 {[#]} Nxh3+ $1 {[%mdl 576] Deflection} 32. gxh3 {Hoping for Ne5.} Qxf3 {[%mdl 4096] Endgame KQ-KRB} 33. d6 {Strongly threatening d7.} Qd5 34. Re3 {intending Rd3.} Qxd6 35. Rd3 Qg6+ {Played: Qd6-c5} 0-1

[Event "IV Zagreb Open 2019"]
[Site "Zagreb"]
[Date "2019.12.08"]
[Round "3.3"]
[White "Brumen, Dinko"]
[Black "Kotronias, Vasilios"]
[Result "0-1"]
[WhiteElo "2325"]
[BlackElo "2506"]
[Annotator "TA"]
[PlyCount "128"]
[EventDate "2019.12.07"]
[EventType "swiss"]
[EventCountry "CRO"]
[SourceTitle "playchess.com"]
[Source "ChessBase"]
[SourceQuality "1"]

{[%evp 20,128,27,-2,0,0,0,0,0,-2,0,-10,16,-18,0,0,0,0,55,60,70,33,43,12,9,0,0,0,88,84,83,56,61,39,46,43,40,24,68,63,81,75,79,80,84,88,77,79,114,92,132,129,170,121,120,0,160,148,147,100,81,29,29,28,27,15,31,0,0,0,0,0,0,0,0,-20,-25,-33,-25,-134,-56,-56,-57,-146,-142,-263,-265,-355,-355,-355,-355,-600,-551,-29970,-29972,-29971,-29973,-29973,-29974,-29976,-29974,-29975,-29976,-29976,-29977,-29977,-29977,-29977,-29978,-29978,-29979]} 1. d4 Nf6 2. Nf3 g6 3. c4 Bg7 4. Nc3 O-O 5. e4 d6 6. Be2 e5 7. dxe5 dxe5 8. Qxd8 Rxd8 9. Bg5 c6 10. Nxe5 Re8 11. f4 (11. O-O-O {with more complications.} Na6 12. Nf3 Bg4 13. e5 Nd7 14. h3) 11... Nh5 {E92: King's Indian: Classical: 6 Be2 e5: 7 dxe5, 7 Be3 and Petrosian System without 7...Nbd7} (11... Na6 12. O-O-O h6 13. Bh4 g5 14. Bg3 Nc5 15. Bf3 g4 16. Bf2 gxf3 17. Bxc5 fxg2 18. Rhg1 Nh5 19. Nd3 b6 20. Bd6 Bxc3 21. bxc3 Rxe4 22. Rxg2+ {0-1 (63) Bindrich,F (2512)-Kamsky,G (2693) Caleta 2010}) 12. Bxh5 gxh5 13. Bh4 Nd7 {The position is equal.} 14. O-O Nxe5 15. fxe5 Rxe5 16. Bf6 Rc5 $146 ({Predecessor:} 16... Bxf6 17. Rxf6 Be6 18. b3 a6 19. a3 {0-1 (55) Jezek,O (1757)-Cutillas Ripoll,P (2446) ICCF email 2011}) 17. b3 Bxf6 18. Rxf6 b5 ({Better is} 18... Be6 $11) 19. a4 $36 {[%cal Ra4b5][%mdl 2048] White has the initiative.} b4 $1 {[%cal Rb4c3]} 20. Ne2 Re5 21. Nd4 c5 22. Nf3 Rxe4 23. Ng5 Rg4 (23... Re3 $11 {keeps the balance.}) 24. Nxf7 $16 Kg7 25. Rf2 Be6 26. Ne5 Re4 27. Nd3 Rc8 28. Nf4 Bf7 29. Rd1 Rce8 30. Rd7 {Nxh5+ is the strong threat.} R8e7 31. Rxe7 Rxe7 {[%mdl 4096] Endgame KRB-KRN} 32. Nd3 Bg6 33. Nxc5 a5 34. h4 Re5 {[#]} 35. Nb7 $1 Be8 36. Nd6 Bg6 37. Nb7 Be8 $1 38. Kh2 Bc6 39. Nd6 Kg6 40. Nb5 (40. Rf8 $16) 40... Re4 $1 $11 41. Rd2 Rxh4+ 42. Kg1 {Strongly threatening Rd6+.} Rf4 $1 43. c5 Rf7 44. Nd6 Rd7 45. Kf2 Kf6 46. Ke3 Ke6 47. g3 Rg7 48. Kf2 Rg5 49. Re2+ (49. Nc4 $11 Rxc5 50. Ke3) 49... Kd7 (49... Kd5 $17 50. Ne4 Rg6) 50. Rd2 $15 {Threatens to win with Ne4+.} Kc7 51. Re2 ({White should try} 51. Nc4 $1 $15) 51... Rxc5 $17 52. Nc4 {[#]} (52. Ne4 $17 Rf5+ 53. Ke1) 52... Bxa4 $1 $19 {[%mdl 512]} 53. Nxa5 (53. bxa4 Rxc4) 53... Rxa5 54. bxa4 Rxa4 {KR-KR} 55. Re7+ $2 (55. Re4 Ra2+ 56. Ke1) 55... Kb6 56. Rxh7 b3 {[%cal Bb4b3,Bb3b2][%mdl 32] Black mates.} 57. Rh6+ Kc5 58. Rxh5+ Kb4 59. Rh8 Kc3 60. Rc8+ Rc4 61. Rh8 b2 62. Rh1 Kd2 63. Kf3 Rc1 64. Rh2+ Kc3 {Accuracy: White = 39%, Black = 65%.} 0-1